[Event "AUTO-OPEN-4651"]
[Site "http://www.queenalice.com/game.php?id=1873059"]
[Date "2026.5.8"]
[Round "1"]
[White "Takeda"]
[Black "yasseryack"]
[Result "0-1"]
[WhiteElo "2150"]
[BlackElo "2003"]

1. e4 d6 2. d4 c6 3. Nf3 Qc7 4. Be2 Nf6 5. Nc3 e5 6. O-O Be7 7. Re1 O-O 8. h3
Nbd7 9. Be3 b5 10. a3 Bb7 11. b4 a5 12. Na2 Nxe4 13. dxe5 dxe5 14. Bd3 Nef6 15.
Ng5 h6 16. Ne4 Nxe4 17. Bxe4 Nf6 18. Bf3 Rfd8 19. Qe2 e4 20. Bg4 Nd5 21. f3 Nxe3
22. Qxe3 Bf6 23. Rad1 Rxd1 24. Rxd1 axb4 25. Nxb4 c5 26. Qb3 cxb4 27. axb4 Qb6+
28. Kf1 Re8 29. Rd7 Re7 30. fxe4 Bc6 31. Rd6 Rxe4 32. Bf3 Rf4 33. Ke1 Qg1+ 34.
Ke2 Bxf3+ 35. gxf3 Qg2+ 0-1

[Event "AUTO-OPEN-4651"]
[Site "http://www.queenalice.com/game.php?id=1873060"]
[Date "2026.5.8"]
[Round "1"]
[White "yasseryack"]
[Black "Takeda"]
[Result "1-0"]
[WhiteElo "2013"]
[BlackElo "2054"]

1. e4 g6 2. Nf3 Bg7 3. d4 d6 4. Be2 Nf6 5. Nc3 O-O 6. O-O Nbd7 7. Bd2 c6 8. a4
e5 9. a5 Nh5 10. d5 Nc5 11. b4 Nd7 12. dxc6 bxc6 13. Qc1 f5 14. exf5 gxf5 15.
Bh6 e4 16. Bxg7 exf3 17. Bxf8 fxe2 18. Re1 Qxf8 19. Qg5+ Ng7 20. Rxe2 Qf6 21.
Qg3 f4 22. Qf3 Bb7 23. Rd1 Ne5 24. Qe4 Re8 25. Qd4 Nf5 26. Qxa7 f3 27. Ne4 Qg6
28. g3 fxe2 29. Rc1 Nf3+ 30. Kg2 e1=Q 31. Rxe1 Nxe1+ 32. Kf1 Rxe4 33. Qxb7 Nf3
34. Qc8+ Qe8 35. Qxf5 Nxh2+ 36. Kg2 1-0

[Event "AUTO-OPEN-4651"]
[Site "http://www.queenalice.com/game.php?id=1873083"]
[Date "2026.5.8"]
[Round "1"]
[White "yasseryack"]
[Black "Eder_Dionatan_da_Silva_Machado"]
[Result "1-0"]
[WhiteElo "1999"]
[BlackElo "1661"]

1. e4 e5 2. Nf3 Nc6 3. Bc4 Bc5 4. O-O Nf6 5. d3 d5 6. exd5 Nxd5 7. c3 O-O 8. d4
exd4 9. cxd4 Nxd4 10. Nxd4 Bxd4 11. Qxd4 Re8 12. Bd2 1-0

[Event "AUTO-OPEN-4651"]
[Site "http://www.queenalice.com/game.php?id=1873084"]
[Date "2026.5.8"]
[Round "1"]
[White "Eder_Dionatan_da_Silva_Machado"]
[Black "yasseryack"]
[Result "0-1"]
[WhiteElo "1657"]
[BlackElo "2001"]

1. e4 d6 2. d4 c6 3. Nf3 Qc7 4. Bc4 Nf6 5. Ng5 d5 6. exd5 cxd5 7. Bb5+ Nbd7 8.
O-O h6 9. Nxf7 Kxf7 10. Nc3 Nb6 11. Re1 a6 12. Bd3 Kg8 0-1

[Event "AUTO-MASTER-3305"]
[Site "http://www.queenalice.com/game.php?id=1873164"]
[Date "2026.5.8"]
[Round "1"]
[White "Fauquinelle"]
[Black "yasseryack"]
[Result "1-0"]
[WhiteElo "2070"]
[BlackElo "2003"]

1. d4 d6 2. e4 c6 3. Bf4 Qc7 4. e5 e6 5. Nf3 Nd7 6. Bd3 a6 7. O-O Nb6 8. c4 Bd7
9. Nc3 O-O-O 10. exd6 Bxd6 11. Bxd6 Qxd6 12. c5 Qc7 13. cxb6 Qxb6 14. Na4 Qa7
15. Ne5 Nh6 16. Nc5 Be8 17. Nf3 Ng4 18. Qa4 e5 19. Bf5+ Bd7 20. Nxd7 Rxd7 21.
Bxg4 b5 22. Qb4 a5 23. Qc3 Qc7 24. Bxd7+ Qxd7 25. Nxe5 Qc7 26. Rac1 Kb7 27.
Qxc6+ Qxc6 28. Nxc6 a4 29. Rfe1 Kb6 30. Nb4 Rd8 31. d5 g6 32. Rc6+ Kb7 33. Re7+
Kb8 34. Rxf7 Re8 35. Na6+ Ka8 36. Nc7+ 1-0

[Event "AUTO-MASTER-3305"]
[Site "http://www.queenalice.com/game.php?id=1873165"]
[Date "2026.5.8"]
[Round "1"]
[White "yasseryack"]
[Black "Fauquinelle"]
[Result "1-0"]
[WhiteElo "1978"]
[BlackElo "2063"]

1. e4 c5 2. Nf3 d6 3. Bd3 e5 4. O-O Nf6 5. c3 Be6 6. b3 a6 7. Ng5 Bd7 8. Bc4 Be6
9. Bxe6 fxe6 10. Nxe6 Qe7 11. Nxf8 Rxf8 12. Qe2 Nc6 13. d3 Kf7 14. Bg5 Kg8 15.
Nd2 b5 16. Rae1 h6 17. Bh4 g5 18. Bg3 Nd7 19. Qh5 Kh7 20. Re3 Rf7 21. Rf3 Nf6
22. Rxf6 Rxf6 23. Nf3 Qg7 24. d4 cxd4 25. cxd4 Rxf3 26. Qxf3 Nxd4 27. Qd3 Rc8
28. h3 Qf7 29. f3 Rc2 30. Bf2 Rxa2 31. Bxd4 exd4 32. e5+ Kg8 33. exd6 Kf8 34.
Qxd4 Qf4 35. Qh8+ Kf7 36. d7 Qd2 37. Qe8+ 1-0

[Event "AUTO-MASTER-3305"]
[Site "http://www.queenalice.com/game.php?id=1873192"]
[Date "2026.5.8"]
[Round "1"]
[White "yasseryack"]
[Black "Pin"]
[Result "0-1"]
[WhiteElo "1990"]
[BlackElo "2089"]

1. e4 c5 2. Nf3 d6 3. Bc4 e6 4. O-O Nc6 5. c3 Nf6 6. Re1 Be7 7. d4 cxd4 8. cxd4
O-O 9. Nc3 Bd7 10. b3 a6 11. e5 dxe5 12. Nxe5 Bc8 13. Nxc6 bxc6 14. a3 Nd5 15.
Na4 Bf6 16. Bxd5 cxd5 17. Be3 Qa5 18. Nc5 Be7 19. Na4 Bd7 20. b4 Qxa4 21. Qxa4
Bxa4 22. Rac1 Bb5 23. Bf4 Rac8 24. h3 Bf6 25. Be3 Rc4 26. Rxc4 Bxc4 27. g3 g6
28. Kg2 Ra8 29. g4 Kf8 30. Kg3 Ke7 31. g5 Bg7 32. Kg4 Kd7 33. h4 Rc8 34. Kf3 Bb5
35. Rd1 Rc3 36. Kf4 Rxa3 37. Rd2 Rd3 38. Rxd3 Bxd3 39. f3 Kc6 40. Kg4 Bf5+ 41.
Kg3 Kb5 42. Bf2 Kxb4 43. Kf4 Kb3 44. Ke3 a5 45. Kd2 Kb2 46. Kd1 a4 47. Be3 Bc2+
48. Ke2 a3 49. f4 a2 0-1

[Event "AUTO-MASTER-3305"]
[Site "http://www.queenalice.com/game.php?id=1873193"]
[Date "2026.5.8"]
[Round "1"]
[White "Pin"]
[Black "yasseryack"]
[Result "1-0"]
[WhiteElo "2115"]
[BlackElo "2025"]

1. d4 d6 2. Nf3 c6 3. e3 Nf6 4. Bd3 Qc7 5. O-O e5 6. dxe5 dxe5 7. Nc3 Be7 8. Ne4
Nbd7 9. b3 O-O 10. Bb2 Nxe4 11. Bxe4 Bf6 12. Qe2 a5 13. Rfd1 b6 14. Rd2 Ba6 15.
Qe1 Rfe8 16. Rad1 Rad8 17. Rd6 Bb7 18. c4 Nc5 19. Rxd8 Rxd8 20. Bb1 Nd7 21. Nd2
c5 22. Ne4 Qc6 23. Nxf6+ Qxf6 24. Qe2 Qg5 25. f3 f5 26. a3 Bc8 27. Qf2 Rf8 28.
Bc3 Qe7 29. f4 Nf6 30. Bxe5 Ng4 31. Qg3 Nxe5 32. fxe5 Rd8 33. Rxd8+ Qxd8 34. Qe1
Bb7 35. e4 Qd4+ 36. Kf1 Qxe5 37. g3 Qb2 38. Qd1 Bc6 39. Qd8+ Kf7 40. Qc7+ Kf6
41. Qxc6+ Kg5 42. exf5 Qxb1+ 43. Kg2 Qxb3 44. h4+ Kxf5 45. Qd7+ Kf6 46. Qd6+ Kf5
47. Qf8+ Kg6 48. Qe8+ Kh6 49. Qe6+ g6 50. Qf7 Qb2+ 51. Kh3 Qxa3 52. Qf4+ Kh5 53.
Qg5# 1-0

[Event "AUTO-ADV-4931"]
[Site "http://www.queenalice.com/game.php?id=1873823"]
[Date "2026.5.22"]
[Round "2"]
[White "yasseryack"]
[Black "maurice916"]
[Result "0-1"]
[WhiteElo "2031"]
[BlackElo "1844"]

1. e4 c6 2. Nf3 d5 3. e5 Bg4 4. Be2 e6 5. O-O Ne7 6. d3 Ng6 7. Qd2 Qc7 8. d4 c5
9. Nc3 cxd4 10. Qxd4 Bf5 11. Qa4+ Nd7 12. Bb5 Rd8 13. Bg5 Be7 14. Bxe7 Nxe7 15.
Nd4 a6 16. Bxd7+ Qxd7 17. Nxf5 Nxf5 18. Rad1 O-O 19. Qb3 b5 20. Ne4 Qa7 21. Ng5
h6 22. Nf3 Rc8 23. g4 Ne7 24. Nd4 Rc4 25. h3 Rb8 26. Qf3 Rxd4 27. Qe3 Nc6 28.
Rc1 Qc7 29. f4 Rc4 30. c3 Qb6 31. Qxb6 Rxb6 32. Kg2 Ne7 33. Kg3 Ng6 34. b3 Re4
35. Rf3 Ne7 36. a3 Nc6 37. Rd3 Na5 38. c4 bxc4 39. bxc4 Rxc4 40. Rxc4 Nxc4 41.
h4 a5 42. h5 Rb2 43. g5 hxg5 44. fxg5 Ra2 45. Kf4 Rxa3 46. Rd4 a4 47. g6 Ra2 48.
gxf7+ Kxf7 49. Rd3 Rb2 50. Rf3 Rb3 51. Rf2 Re3 52. Kg5+ Kg8 53. Kf4 Re4+ 54. Kg3
Nxe5 55. Kh3 a3 56. Ra2 Re3+ 57. Kh4 Nc4 58. Kg5 Kh7 59. Kg4 Kh6 60. Rh2 Re4+
61. Kg3 e5 62. Kf3 Rf4+ 63. Kg3 Rf5 64. Kg4 Rg5+ 65. Kf3 Rxh5 66. Rxh5+ Kxh5 0-1